000 01794cam a2200409 a 4500
999 _c2742
_d2742
001 15740108
003 OSt
005 20230818110808.0
008 090515r20081989enka 000 0ceng d
010 _a 2009290951
015 _aGBA865224
_2bnb
016 7 _a014612939
_2Uk
020 _a9780194790864 (pbk)
020 _a019479086X (pbk)
035 _a(OCoLC)ocn228194621
040 _aUKM
_cUKM
_dOCLCG
_dYDXCP
_dDLC
_dKH8
042 _aukscp
_alccopycat
043 _ae-uk-en
082 0 0 _a428.6 DAI
_222
100 1 _aDainty, Peter,
_eauthor.
245 1 4 _aThe love of a king /
_cPeter Dainty.
260 _aOxford ;
_aNew York :
_bOxford University Press,
_cc2008
300 _a56 p. :
_bill. ;
_c20 cm.
490 0 _aOxford bookworms library ; Stage 2, True stories
500 _aFirst published in Oxford Bookworms 1989.
505 0 _aA lonely child -- The Prince of Wales -- The royal star -- The meeting -- Wallis -- The King is dead! Long live the King! -- The church -- The Storm -- The Woman I love -- The wedding -- Paris -- Long live love (The Duke and Duchess of Windsor, A family tree).
600 1 0 _aWindsor, Edward,
_cDuke of,
_d1894-1972
_vJuvenile literature.
600 1 0 _aWindsor, Wallis Warfield,
_cDuchess of,
_d1896-1986
_vJuvenile literature.
650 0 _aReaders (Adult)
650 0 _aEnglish language
_vTextbooks for foreign speakers.
650 0 _aReading comprehension
_vProblems, exercises, etc.
650 0 _aKings and rulers
_vBiography.
651 0 _aEngland
_vBiography.
906 _a7
_bcbc
_ccopycat
_d2
_encip
_f20
_gy-gencatlg
942 _2ddc
_cTR